ბათუმის შოთა რუსთაველის სახელმწიფო უნივერსიტეტის ბიბლიოთეკა

ქართული პოეზია. 15 ტომად:ტ.11. XIX ს.-XX ს. დასაწყისი (ბიბ.ჩანაწერი № 43742)

000 -LEADER
fixed length control field 01023nam a2200217Ia 4500
001 - CONTROL NUMBER
control field 10487
003 - CONTROL NUMBER IDENTIFIER
control field GE_BSU
008 - FIXED-LENGTH DATA ELEMENTS--GENERAL INFORMATION
fixed length control field 181216s||||||||xx |||||||||||||| ||und||
040 ## - CATALOGING SOURCE
Transcribing agency GE_BSU
080 ## - UNIVERSAL DECIMAL CLASSIFICATION NUMBER
Universal Decimal Classification number 821.353.1-1
245 ## - TITLE STATEMENT
Title ქართული პოეზია. 15 ტომად:ტ.11. XIX ს.-XX ს. დასაწყისი
245 ## - TITLE STATEMENT
Statement of responsibility, etc. სარედ. კოლ.: გრ. აბაშიძე, ან. კალანდაძე, მ. ლებანიძე და სხვ.ტომი შეადგინა და წინასიტყვ.დაურთო ს.ხუციშვილმა;მხატვ.დ.დონდუა
260 ## - PUBLICATION, DISTRIBUTION, ETC.
Place of publication, distribution, etc. თბილისი
260 ## - PUBLICATION, DISTRIBUTION, ETC.
Name of publisher, distributor, etc. ნაკადული
260 ## - PUBLICATION, DISTRIBUTION, ETC.
Date of publication, distribution, etc. 1980
300 ## - PHYSICAL DESCRIPTION
Extent 598გვ.18სმ.
300 ## - PHYSICAL DESCRIPTION
Dimensions ცნობარი:გვ.542-574. ლექსიკონი გვ.575-593.
653 ## - INDEX TERM--UNCONTROLLED
Uncontrolled term XIX ს.-XX ს. დასაწყისი
653 ## - INDEX TERM--UNCONTROLLED
Uncontrolled term ქართული პოეზია
942 ## - ADDED ENTRY ELEMENTS (KOHA)
Koha item type წიგნი
ეგზემპლარები
Withdrawn status Lost status Damaged status Not for loan Date acquired Barcode Date last seen Price effective from Koha item type
        2018-12-17 34148 2018-12-17 2018-12-17 წიგნი
        2018-12-17 34149 2018-12-17 2018-12-17 წიგნი
        2018-12-17 34150 2018-12-17 2018-12-17 წიგნი